10 Most Populous Cities in Indiana - Statistics

General Stats
  • This quiz has been taken 23 times
  • The average score is 6 of 10
Answer Stats
Population City % Correct
876,665 Indianapolis
100%
103,415 South Bend
89%
271,865 Fort Wayne
83%
114,651 Evansville
72%
78,761 Bloomington
67%
103,093 Carmel
50%
105,631 Fishers
50%
71,372 Lafayette
50%
75,170 Noblesville
39%
75,669 Hammond
33%
No matching quizzes found
Score Distribution
Percent of People with Each Score
Percentile by Number Answered
Your Score History
You have not taken this quiz